Arvaa biisi - KUUMAA - Statistics

General Stats
  • This quiz has been taken 33 times
  • The average score is 61 of 197
Answer Stats
Vastaus % Correct
96%
92%
ku
81%
ei
73%
me
69%
kun
58%
et
54%
oon
50%
ja
46%
sun
46%
oot
42%
tää
42%
tie
38%
tule
38%
kai
35%
mut
35%
nää
35%
ole
35%
sen
35%
siin
35%
vie
35%
sit
31%
anna
27%
hei
27%
mulle
27%
ne
27%
niin
27%
ollaan
27%
vaikka
27%
eteisvalssii
23%
että
23%
haluan
23%
kokonaan
23%
lempilevy
23%
loppuun
23%
monia
23%
nähny
23%
noi
23%
ovia
23%
paloimme
23%
satuta
23%
sulkeutuvii
23%
tähtisilmät
23%
tälleen
23%
tulee
23%
viel
23%
voida
23%
alkuun
19%
anteeks
19%
etten
19%
hidas
19%
hyvästien
19%
kadotaan
19%
kelata
19%
kohta
19%
kuinka
19%
kynttilät
19%
mieleen
19%
neulalla
19%
ollenkaan
19%
painan
19%
reunalla
19%
sammuu
19%
seuraavan
19%
soi
19%
tanssii
19%
tarpeeks
19%
tiedän
19%
vahva
19%
vika
19%
voidaan
19%
eteisvalssiin
15%
hetki
15%
meidän
15%
päätökseen
15%
uutta
15%
kerro
12%
mistä
12%
tarvii
12%
enää
8%
meille
8%
miettiä
8%
teen
8%
tykkäät
8%
yhtään
8%
aamuu
4%
haluttais
0%
voidan
0%
No matching quizzes found
Score Distribution
Percent of People with Each Score
Percentile by Number Answered
Your Score History
You have not taken this quiz